1387 1777 1089 1221 1936 1361 1801 1314 1923 1796 1251 1103 1555 1079 1208 1769 1812 1299 1712 1483 1946 1650 1217 1360 1486 1375 1715 1831 1698 1405 1050 1502 1720 1764 1321 1078 1091 1013 1692 1449 1528 1916 1302 1512 1657 1906 1092 1570 1207 1242 1581 1796 1048 1981 1181 1919 1253 1953 1581 1555 1382 1947 1868 1286 1852 1604 1850 1104 1207 1639 1515 1098 1391 1324 1515 1211 1339 1371 1676 1281 1186 1959 1284 1934 1148 1882 1129 1432 1029 1494 1635 1441 1864 1180 1470 1065 1347 1692 1087 BCNSPRNW ULIB Ver.6.0+V

เปลี่ยนเป็นภาษาไทย

Change to English
 แสดงรายละเอียดบรรณานุกรม
  กลับหน้าหลัก

Brief Record : Get Marc (ISO 2709) : E-mail record : QR code < ปิดหน้าต่าง
LEADER : 00000nam 2200000uu 4500
001    13399127738
003     ULIB
008    210513s2556||||th 000 0 tha d
020    ู^a9786162994494
050    ^aนว^bช799จ^cล.8
100    ^aโชอู
245    ^aจอมกระบี่เทพสังหาร เล่ม 8
250    ^aพิมพ์ครั้งที่ 1
260    ^aกรุงเทพฯ :^bสยามอินเตอร์บุ๊คส์,^c2556
300    ^a184 หน้า;^b21 ซม.
650    ^aนวนิยาย
945    ^p220^l0^i008049
999    ^aประนอม เกษจรัล
รายการนี้ยังไม่มีแท็ก
คุณยังไม่ได้ล็อกอิน คุณสามารถมีกิจกรรมร่วมกับเว็บไซต์ได้ แต่ต้องล็อกอินก่อน ::
  ล็อกอิน

รายการสื่อสารสนเทศ

ลำดับที่ ประเภท เลขเรียก/บาร์โค้ด สถานที่ สถานะ
1. นวนิยาย
นวนิยาย
นว ช799จ ล.8 ฉ.1 
  Barcode: 008049
ห้องสมุดวิทยาเขตสวรรค์ประชารักษ์
►หนังสือทั่วไป
บนชั้น

รายการใกล้เคียง
    ผู้แต่ง [โชอู]

    หัวเรื่อง [นวนิยาย]

BibComment


ยังไม่เคยถูกคอมเมนท์

คอมเมนท์ทรัพยากรรายการนี้
  คอมเมนท์: จอมกระบี่เทพสังห..


 Copyright 2026. Bcnsprnw @Library